| 000 | 00729cam a22002534a 4500 | ||
|---|---|---|---|
| 001 | 45327 | ||
| 005 | 20230410101628.0 | ||
| 008 | 020322s2000 ht b 000 0 fre c | ||
| 035 | _a(OCoLC)ocm49376909 | ||
| 040 |
_aFUG _cFUG |
||
| 035 | _a(OCoLC)49376909 | ||
| 042 | _apcc | ||
| 050 | 1 | 4 |
_a110 BX 6153 _bB468h 2000 |
| 100 | 1 | _aBenjamin, Dumas. | |
| 245 | 1 | 0 |
_aHistoire de la dénomination Adventiste de 7e jour / _cDumas Benjamin. |
| 260 |
_a[Haiti?] : _bImpr. Adventiste, _c2001. |
||
| 300 |
_a124 p. ; _c21 cm. |
||
| 504 | _aIncludes bibliographical references. | ||
| 650 | 0 |
_aSeventh-Day Adventists _xHistory. |
|
| 650 | 4 | _aCEH | |
| 650 | 4 | _aColeccion Estudios Haitianos | |
| 942 |
_2lcc _cbk |
||
| 994 |
_aC0 _bDRFGD |
||
| 999 |
_c11217 _d11217 |
||